MARC details
| 000 -CABECERA |
| campo de control de longitud fija |
01375cam a2200337 a 4500 |
| 003 - IDENTIFICADOR DEL NÚMERO DE CONTROL |
| campo de control |
MX-MxUPN |
| 005 - FECHA Y HORA DE LA ÚLTIMA TRANSACCIÓN |
| campo de control |
20240924065041.0 |
| 008 - ELEMENTOS DE LONGITUD FIJA--INFORMACIÓN GENERAL |
| campo de control de longitud fija |
991125s2006 mx 000 0 spa u |
| 020 ## - NÚMERO INTERNACIONAL NORMALIZADO PARA LIBROS |
| Número Internacional Estándar del Libro |
9689082426 |
| 035 ## - NÚMERO DE CONTROL DEL SISTEMA |
| Número de control de sistema |
UPN01000057082 |
| 040 ## - FUENTE DE LA CATALOGACIÓN |
| Centro catalogador/agencia de origen |
MX-MxUPN |
| Lengua de catalogación |
spa |
| Centro/agencia transcriptor |
MX-MxUPN |
| 049 ## - COLECCIÓN |
| Colección |
LTG |
| 050 #4 - SIGNATURA TOPOGRÁFICA DE LA BIBLIOTECA DEL CONGRESO |
| Número de clasificación |
LB2002 A1.46 |
| Número de documento/Ítem |
C6.2 2006 |
| 245 03 - MENCIÓN DE TÍTULO |
| Título |
El colectivo docente de educación básica y su trayecto formativo / |
| Mención de responsabilidad, etc. |
Alejandro Cruz Sánchez ... [et al.]. |
| 250 ## - MENCIÓN DE EDICIÓN |
| Mención de edición |
2a ed. |
| 260 ## - PUBLICACIÓN, DISTRIBUCIÓN, ETC. |
| Lugar de publicación, distribución, etc. |
México, D.F. : |
| Nombre del editor, distribuidor, etc. |
SEP, Subsecretaría de Educación Básica, |
| Fecha de publicación, distribución, etc. |
c2006. |
| 300 ## - DESCRIPCIÓN FÍSICA |
| Extensión |
45 p. |
| 500 ## - NOTA GENERAL |
| Nota general |
A la cabeza de la portada: Educación básica. Programa Nacional para la Actualización Permanente de los Maestros de Educación Básica en Servicio. Talleres Generales de Actualización |
| 500 ## - NOTA GENERAL |
| Nota general |
"Educación. Contigo es posible" |
| 650 #4 - ASIENTO SECUNDARIO DE MATERIA - TERMINO TEMATICO |
| Término de materia o nombre geográfico como elemento de entrada |
Maestros en servicio, Formación de |
| 9 (RLIN) |
390 |
| 650 #4 - ASIENTO SECUNDARIO DE MATERIA - TERMINO TEMATICO |
| Término de materia o nombre geográfico como elemento de entrada |
Maestros |
| Subdivisión general |
Formación profesional |
| Subdivisión geográfica |
México |
| 9 (RLIN) |
796 |
| 650 #0 - ASIENTO SECUNDARIO DE MATERIA - TERMINO TEMATICO |
| Término de materia o nombre geográfico como elemento de entrada |
EDUCACION PRIMARIA |
| Subdivisión general |
PROGRAMAS DE ACTIVIDADES |
| Subdivisión geográfica |
MÉXICO |
| 9 (RLIN) |
43655 |
| 650 #4 - ASIENTO SECUNDARIO DE MATERIA - TERMINO TEMATICO |
| Término de materia o nombre geográfico como elemento de entrada |
Educación primaria |
| Subdivisión geográfica |
México |
| 9 (RLIN) |
4838 |
| 650 #4 - ASIENTO SECUNDARIO DE MATERIA - TERMINO TEMATICO |
| Término de materia o nombre geográfico como elemento de entrada |
Programas de mejoramiento escolar |
| Subdivisión geográfica |
México |
| 9 (RLIN) |
4956 |
| 700 1# - ASIENTO SECUNDARIO--NOMBRE DE PERSONAL |
| Nombre de persona |
Cruz Sánchez, Alejandro, |
| Término indicativo de función/relación |
coaut. |
| 710 1# - ASIENTO SECUNDARIO - NOMBRE CORPORATIVO |
| Nombre de entidad corporativa o nombre de jurisdicción como elemento de entrada |
México. |
| Unidad subordinada |
Subsecretaría de Educación Básica |
| 9 (RLIN) |
32706 |
| 710 2# - ASIENTO SECUNDARIO - NOMBRE CORPORATIVO |
| Nombre de entidad corporativa o nombre de jurisdicción como elemento de entrada |
SEP-PRONAP (Programa) |
| 9 (RLIN) |
43652 |
| 905 ## - TIPO DE MATERIAL |
| Tipo de material |
Libro |
| 942 ## - ELEMENTOS DE PUNTO DE ACCESO ADICIONAL (KOHA) |
| Fuente del sistema de clasificación o colocación |
Library of Congress Classification |
| Tipo de ítem Koha |
Libro |